<?xml version="1.0" encoding="UTF-8"?>
<record
    xmlns:xsi="http://www.w3.org/2001/XMLSchema-instance"
    xsi:schemaLocation="http://www.loc.gov/MARC21/slim http://www.loc.gov/standards/marcxml/schema/MARC21slim.xsd"
    xmlns="http://www.loc.gov/MARC21/slim">

  <leader>00793    a2200217   4500</leader>
  <controlfield tag="005">20250710111432.0</controlfield>
  <controlfield tag="008">240827b        |||||||| |||| 00| 0 eng d</controlfield>
  <datafield tag="020" ind1=" " ind2=" ">
    <subfield code="a">9788375056296</subfield>
  </datafield>
  <datafield tag="040" ind1=" " ind2=" ">
    <subfield code="a">NLN</subfield>
    <subfield code="b">English</subfield>
    <subfield code="e">AACR2</subfield>
  </datafield>
  <datafield tag="050" ind1=" " ind2=" ">
    <subfield code="a">BX1795.D53</subfield>
    <subfield code="b">O56</subfield>
  </datafield>
  <datafield tag="082" ind1=" " ind2=" ">
    <subfield code="a">282.09045</subfield>
  </datafield>
  <datafield tag="100" ind1=" " ind2=" ">
    <subfield code="a">OMONKHUA, Cornelius A.</subfield>
    <subfield code="e">aut</subfield>
    <subfield code="9">66542</subfield>
  </datafield>
  <datafield tag="245" ind1=" " ind2=" ">
    <subfield code="a">Dialogue in context: a Nigerian experience</subfield>
    <subfield code="c">Cornelius Afebu Omonkhua</subfield>
  </datafield>
  <datafield tag="250" ind1=" " ind2=" ">
    <subfield code="a">2nd</subfield>
  </datafield>
  <datafield tag="260" ind1=" " ind2=" ">
    <subfield code="b">Plush Prints and Paperworks,</subfield>
    <subfield code="c">2023.</subfield>
    <subfield code="a">Benin City, Edo State (Shop 18, Goshen Plaza, 16 Ewasede Street, off First East Circular Road) :</subfield>
  </datafield>
  <datafield tag="300" ind1=" " ind2=" ">
    <subfield code="a">xxi, 344p. :</subfield>
    <subfield code="b">ill. (ports) ; 24cm.</subfield>
  </datafield>
  <datafield tag="563" ind1=" " ind2=" ">
    <subfield code="a">(pbk)</subfield>
  </datafield>
  <datafield tag="650" ind1=" " ind2=" ">
    <subfield code="a">Dialogue</subfield>
    <subfield code="v">Religious aspects</subfield>
    <subfield code="x">Catholic church</subfield>
    <subfield code="9">66543</subfield>
  </datafield>
  <datafield tag="650" ind1=" " ind2=" ">
    <subfield code="a">Dialogue</subfield>
    <subfield code="v">Religious aspects</subfield>
    <subfield code="x">Christianity</subfield>
    <subfield code="9">429</subfield>
  </datafield>
  <datafield tag="942" ind1=" " ind2=" ">
    <subfield code="c">BK</subfield>
    <subfield code="n">0</subfield>
  </datafield>
  <datafield tag="999" ind1=" " ind2=" ">
    <subfield code="c">30705</subfield>
    <subfield code="d">30705</subfield>
  </datafield>
  <datafield tag="952" ind1=" " ind2=" ">
    <subfield code="0">0</subfield>
    <subfield code="1">0</subfield>
    <subfield code="2">lcc</subfield>
    <subfield code="4">0</subfield>
    <subfield code="7">0</subfield>
    <subfield code="a">ABJ</subfield>
    <subfield code="b">MAIN</subfield>
    <subfield code="d">2025-07-10</subfield>
    <subfield code="i">5106191</subfield>
    <subfield code="l">0</subfield>
    <subfield code="o">BX1795.D53 O56</subfield>
    <subfield code="p">5106191</subfield>
    <subfield code="r">2025-07-10 11:16:10</subfield>
    <subfield code="w">2025-07-10</subfield>
    <subfield code="y">BK</subfield>
  </datafield>
  <datafield tag="952" ind1=" " ind2=" ">
    <subfield code="0">0</subfield>
    <subfield code="1">0</subfield>
    <subfield code="2">lcc</subfield>
    <subfield code="4">0</subfield>
    <subfield code="7">0</subfield>
    <subfield code="a">ABAK</subfield>
    <subfield code="b">MAIN</subfield>
    <subfield code="d">2025-07-10</subfield>
    <subfield code="i">5106192</subfield>
    <subfield code="l">0</subfield>
    <subfield code="o">BX1795.D53 O56</subfield>
    <subfield code="p">5106192</subfield>
    <subfield code="r">2025-07-10 11:16:56</subfield>
    <subfield code="w">2025-07-10</subfield>
    <subfield code="y">BK</subfield>
  </datafield>
  <datafield tag="952" ind1=" " ind2=" ">
    <subfield code="0">0</subfield>
    <subfield code="1">0</subfield>
    <subfield code="2">lcc</subfield>
    <subfield code="4">0</subfield>
    <subfield code="7">0</subfield>
    <subfield code="a">ABE</subfield>
    <subfield code="b">MAIN</subfield>
    <subfield code="d">2025-07-10</subfield>
    <subfield code="i">5106193</subfield>
    <subfield code="l">0</subfield>
    <subfield code="o">BX1795.D53 O56</subfield>
    <subfield code="p">5106193</subfield>
    <subfield code="r">2025-07-10 11:17:35</subfield>
    <subfield code="w">2025-07-10</subfield>
    <subfield code="y">BK</subfield>
  </datafield>
  <datafield tag="952" ind1=" " ind2=" ">
    <subfield code="0">0</subfield>
    <subfield code="1">0</subfield>
    <subfield code="2">lcc</subfield>
    <subfield code="4">0</subfield>
    <subfield code="7">0</subfield>
    <subfield code="a">AKU</subfield>
    <subfield code="b">MAIN</subfield>
    <subfield code="d">2025-07-10</subfield>
    <subfield code="i">5106194</subfield>
    <subfield code="l">0</subfield>
    <subfield code="o">BX1795.D53 O56</subfield>
    <subfield code="p">5106194</subfield>
    <subfield code="r">2025-07-10 11:19:02</subfield>
    <subfield code="w">2025-07-10</subfield>
    <subfield code="y">BK</subfield>
  </datafield>
  <datafield tag="952" ind1=" " ind2=" ">
    <subfield code="0">0</subfield>
    <subfield code="1">0</subfield>
    <subfield code="2">lcc</subfield>
    <subfield code="4">0</subfield>
    <subfield code="7">0</subfield>
    <subfield code="a">ASA</subfield>
    <subfield code="b">MAIN</subfield>
    <subfield code="d">2025-07-10</subfield>
    <subfield code="i">5106195</subfield>
    <subfield code="l">0</subfield>
    <subfield code="o">BX1795.D53 O56</subfield>
    <subfield code="p">5106195</subfield>
    <subfield code="r">2025-07-10 11:19:48</subfield>
    <subfield code="w">2025-07-10</subfield>
    <subfield code="y">BK</subfield>
  </datafield>
  <datafield tag="952" ind1=" " ind2=" ">
    <subfield code="0">0</subfield>
    <subfield code="1">0</subfield>
    <subfield code="2">lcc</subfield>
    <subfield code="4">0</subfield>
    <subfield code="7">0</subfield>
    <subfield code="a">AWK</subfield>
    <subfield code="b">MAIN</subfield>
    <subfield code="d">2025-07-10</subfield>
    <subfield code="i">5106196</subfield>
    <subfield code="l">0</subfield>
    <subfield code="o">BX1795.D53 O56</subfield>
    <subfield code="p">5106196</subfield>
    <subfield code="r">2025-07-10 11:20:35</subfield>
    <subfield code="w">2025-07-10</subfield>
    <subfield code="y">BK</subfield>
  </datafield>
  <datafield tag="952" ind1=" " ind2=" ">
    <subfield code="0">0</subfield>
    <subfield code="1">0</subfield>
    <subfield code="2">lcc</subfield>
    <subfield code="4">0</subfield>
    <subfield code="7">0</subfield>
    <subfield code="a">BAU</subfield>
    <subfield code="b">MAIN</subfield>
    <subfield code="d">2025-07-10</subfield>
    <subfield code="i">5106197</subfield>
    <subfield code="l">0</subfield>
    <subfield code="o">BX1795.D53 O56</subfield>
    <subfield code="p">5106197</subfield>
    <subfield code="r">2025-07-10 11:21:23</subfield>
    <subfield code="w">2025-07-10</subfield>
    <subfield code="y">BK</subfield>
  </datafield>
  <datafield tag="952" ind1=" " ind2=" ">
    <subfield code="0">0</subfield>
    <subfield code="1">0</subfield>
    <subfield code="2">lcc</subfield>
    <subfield code="4">0</subfield>
    <subfield code="7">0</subfield>
    <subfield code="a">EDO</subfield>
    <subfield code="b">MAIN</subfield>
    <subfield code="d">2025-07-10</subfield>
    <subfield code="i">5106198</subfield>
    <subfield code="l">0</subfield>
    <subfield code="o">BX1795.D53 O56</subfield>
    <subfield code="p">5106198</subfield>
    <subfield code="r">2025-07-10 11:41:37</subfield>
    <subfield code="w">2025-07-10</subfield>
    <subfield code="y">BK</subfield>
  </datafield>
  <datafield tag="952" ind1=" " ind2=" ">
    <subfield code="0">0</subfield>
    <subfield code="1">0</subfield>
    <subfield code="2">lcc</subfield>
    <subfield code="4">0</subfield>
    <subfield code="7">0</subfield>
    <subfield code="a">CAL</subfield>
    <subfield code="b">MAIN</subfield>
    <subfield code="d">2025-07-10</subfield>
    <subfield code="i">5106199</subfield>
    <subfield code="l">0</subfield>
    <subfield code="o">BX1795.D53 O56</subfield>
    <subfield code="p">5106199</subfield>
    <subfield code="r">2025-07-10 11:42:16</subfield>
    <subfield code="w">2025-07-10</subfield>
    <subfield code="y">BK</subfield>
  </datafield>
  <datafield tag="952" ind1=" " ind2=" ">
    <subfield code="0">0</subfield>
    <subfield code="1">0</subfield>
    <subfield code="2">lcc</subfield>
    <subfield code="4">0</subfield>
    <subfield code="7">0</subfield>
    <subfield code="a">DAM</subfield>
    <subfield code="b">MAIN</subfield>
    <subfield code="d">2025-07-10</subfield>
    <subfield code="i">5106200</subfield>
    <subfield code="l">0</subfield>
    <subfield code="o">BX1795.D53 O56</subfield>
    <subfield code="p">5106200</subfield>
    <subfield code="r">2025-07-10 11:43:25</subfield>
    <subfield code="w">2025-07-10</subfield>
    <subfield code="y">BK</subfield>
  </datafield>
  <datafield tag="952" ind1=" " ind2=" ">
    <subfield code="0">0</subfield>
    <subfield code="1">0</subfield>
    <subfield code="2">lcc</subfield>
    <subfield code="4">0</subfield>
    <subfield code="7">0</subfield>
    <subfield code="a">DUT</subfield>
    <subfield code="b">MAIN</subfield>
    <subfield code="d">2025-07-10</subfield>
    <subfield code="i">5106201</subfield>
    <subfield code="l">0</subfield>
    <subfield code="o">BX1795.D53 O56</subfield>
    <subfield code="p">5106201</subfield>
    <subfield code="r">2025-07-10 11:44:13</subfield>
    <subfield code="w">2025-07-10</subfield>
    <subfield code="y">BK</subfield>
  </datafield>
  <datafield tag="952" ind1=" " ind2=" ">
    <subfield code="0">0</subfield>
    <subfield code="1">0</subfield>
    <subfield code="2">lcc</subfield>
    <subfield code="4">0</subfield>
    <subfield code="7">0</subfield>
    <subfield code="a">UMU</subfield>
    <subfield code="b">MAIN</subfield>
    <subfield code="d">2025-07-10</subfield>
    <subfield code="i">5106202</subfield>
    <subfield code="l">0</subfield>
    <subfield code="o">BX1795.D53 O56</subfield>
    <subfield code="p">5106202</subfield>
    <subfield code="r">2025-07-10 11:44:53</subfield>
    <subfield code="w">2025-07-10</subfield>
    <subfield code="y">BK</subfield>
  </datafield>
  <datafield tag="952" ind1=" " ind2=" ">
    <subfield code="0">0</subfield>
    <subfield code="1">0</subfield>
    <subfield code="2">lcc</subfield>
    <subfield code="4">0</subfield>
    <subfield code="7">0</subfield>
    <subfield code="a">YOL</subfield>
    <subfield code="b">MAIN</subfield>
    <subfield code="d">2025-07-10</subfield>
    <subfield code="i">5106203</subfield>
    <subfield code="l">0</subfield>
    <subfield code="o">BX1795.D53 O56</subfield>
    <subfield code="p">5106203</subfield>
    <subfield code="r">2025-07-10 11:45:31</subfield>
    <subfield code="w">2025-07-10</subfield>
    <subfield code="y">BK</subfield>
  </datafield>
  <datafield tag="952" ind1=" " ind2=" ">
    <subfield code="0">0</subfield>
    <subfield code="1">0</subfield>
    <subfield code="2">lcc</subfield>
    <subfield code="4">0</subfield>
    <subfield code="7">0</subfield>
    <subfield code="a">EKI</subfield>
    <subfield code="b">MAIN</subfield>
    <subfield code="d">2025-07-10</subfield>
    <subfield code="i">5106204</subfield>
    <subfield code="l">0</subfield>
    <subfield code="o">BX1795.D53 O56</subfield>
    <subfield code="p">5106204</subfield>
    <subfield code="r">2025-07-10 11:46:08</subfield>
    <subfield code="w">2025-07-10</subfield>
    <subfield code="y">BK</subfield>
  </datafield>
  <datafield tag="952" ind1=" " ind2=" ">
    <subfield code="0">0</subfield>
    <subfield code="1">0</subfield>
    <subfield code="2">lcc</subfield>
    <subfield code="4">0</subfield>
    <subfield code="7">0</subfield>
    <subfield code="a">ENU</subfield>
    <subfield code="b">MAIN</subfield>
    <subfield code="d">2025-07-10</subfield>
    <subfield code="i">5106205</subfield>
    <subfield code="l">0</subfield>
    <subfield code="o">BX1795.D53 O56</subfield>
    <subfield code="p">5106205</subfield>
    <subfield code="r">2025-07-10 11:46:57</subfield>
    <subfield code="w">2025-07-10</subfield>
    <subfield code="y">BK</subfield>
  </datafield>
  <datafield tag="952" ind1=" " ind2=" ">
    <subfield code="0">0</subfield>
    <subfield code="1">0</subfield>
    <subfield code="2">lcc</subfield>
    <subfield code="4">0</subfield>
    <subfield code="7">0</subfield>
    <subfield code="a">GOM</subfield>
    <subfield code="b">MAIN</subfield>
    <subfield code="d">2025-07-10</subfield>
    <subfield code="i">5106227</subfield>
    <subfield code="l">0</subfield>
    <subfield code="o">BX1795.D53 O56</subfield>
    <subfield code="p">5106227</subfield>
    <subfield code="r">2025-07-10 11:48:14</subfield>
    <subfield code="w">2025-07-10</subfield>
    <subfield code="y">BK</subfield>
  </datafield>
  <datafield tag="952" ind1=" " ind2=" ">
    <subfield code="0">0</subfield>
    <subfield code="1">0</subfield>
    <subfield code="2">lcc</subfield>
    <subfield code="4">0</subfield>
    <subfield code="7">0</subfield>
    <subfield code="a">GUS</subfield>
    <subfield code="b">MAIN</subfield>
    <subfield code="d">2025-07-10</subfield>
    <subfield code="i">5106207</subfield>
    <subfield code="l">0</subfield>
    <subfield code="o">BX1795.D53 O56</subfield>
    <subfield code="p">5106207</subfield>
    <subfield code="r">2025-07-10 11:48:56</subfield>
    <subfield code="w">2025-07-10</subfield>
    <subfield code="y">BK</subfield>
  </datafield>
  <datafield tag="952" ind1=" " ind2=" ">
    <subfield code="0">0</subfield>
    <subfield code="1">0</subfield>
    <subfield code="2">lcc</subfield>
    <subfield code="4">0</subfield>
    <subfield code="7">0</subfield>
    <subfield code="a">IBA</subfield>
    <subfield code="b">MAIN</subfield>
    <subfield code="d">2025-07-10</subfield>
    <subfield code="i">5106208</subfield>
    <subfield code="l">0</subfield>
    <subfield code="o">BX1795.D53 O56</subfield>
    <subfield code="p">5106208</subfield>
    <subfield code="r">2025-07-10 11:49:40</subfield>
    <subfield code="w">2025-07-10</subfield>
    <subfield code="y">BK</subfield>
  </datafield>
  <datafield tag="952" ind1=" " ind2=" ">
    <subfield code="0">0</subfield>
    <subfield code="1">0</subfield>
    <subfield code="2">lcc</subfield>
    <subfield code="4">0</subfield>
    <subfield code="7">0</subfield>
    <subfield code="a">ILO</subfield>
    <subfield code="b">MAIN</subfield>
    <subfield code="d">2025-07-10</subfield>
    <subfield code="i">5106209</subfield>
    <subfield code="l">0</subfield>
    <subfield code="o">BX1795.D53 O56</subfield>
    <subfield code="p">5106209</subfield>
    <subfield code="r">2025-07-10 11:50:31</subfield>
    <subfield code="w">2025-07-10</subfield>
    <subfield code="y">BK</subfield>
  </datafield>
  <datafield tag="952" ind1=" " ind2=" ">
    <subfield code="0">0</subfield>
    <subfield code="1">0</subfield>
    <subfield code="2">lcc</subfield>
    <subfield code="4">0</subfield>
    <subfield code="7">0</subfield>
    <subfield code="a">JAL</subfield>
    <subfield code="b">MAIN</subfield>
    <subfield code="d">2025-07-10</subfield>
    <subfield code="i">5106210</subfield>
    <subfield code="l">0</subfield>
    <subfield code="o">BX1795.D53 O56</subfield>
    <subfield code="p">5106210</subfield>
    <subfield code="r">2025-07-10 11:51:16</subfield>
    <subfield code="w">2025-07-10</subfield>
    <subfield code="y">BK</subfield>
  </datafield>
  <datafield tag="952" ind1=" " ind2=" ">
    <subfield code="0">0</subfield>
    <subfield code="1">0</subfield>
    <subfield code="2">lcc</subfield>
    <subfield code="4">0</subfield>
    <subfield code="7">0</subfield>
    <subfield code="a">JOS</subfield>
    <subfield code="b">MAIN</subfield>
    <subfield code="d">2025-07-10</subfield>
    <subfield code="i">5106211</subfield>
    <subfield code="l">0</subfield>
    <subfield code="o">BX1795.D53 O56</subfield>
    <subfield code="p">5106211</subfield>
    <subfield code="r">2025-07-10 11:51:55</subfield>
    <subfield code="w">2025-07-10</subfield>
    <subfield code="y">BK</subfield>
  </datafield>
  <datafield tag="952" ind1=" " ind2=" ">
    <subfield code="0">0</subfield>
    <subfield code="1">0</subfield>
    <subfield code="2">lcc</subfield>
    <subfield code="4">0</subfield>
    <subfield code="7">0</subfield>
    <subfield code="a">KAD</subfield>
    <subfield code="b">MAIN</subfield>
    <subfield code="d">2025-07-10</subfield>
    <subfield code="i">5106212</subfield>
    <subfield code="l">0</subfield>
    <subfield code="o">BX1795.D53 O56</subfield>
    <subfield code="p">5106212</subfield>
    <subfield code="r">2025-07-10 11:52:37</subfield>
    <subfield code="w">2025-07-10</subfield>
    <subfield code="y">BK</subfield>
  </datafield>
  <datafield tag="952" ind1=" " ind2=" ">
    <subfield code="0">0</subfield>
    <subfield code="1">0</subfield>
    <subfield code="2">lcc</subfield>
    <subfield code="4">0</subfield>
    <subfield code="7">0</subfield>
    <subfield code="a">KAN</subfield>
    <subfield code="b">MAIN</subfield>
    <subfield code="d">2025-07-10</subfield>
    <subfield code="i">5106213</subfield>
    <subfield code="l">0</subfield>
    <subfield code="o">BX1795.D53 O56</subfield>
    <subfield code="p">5106213</subfield>
    <subfield code="r">2025-07-10 11:53:19</subfield>
    <subfield code="w">2025-07-10</subfield>
    <subfield code="y">BK</subfield>
  </datafield>
  <datafield tag="952" ind1=" " ind2=" ">
    <subfield code="0">0</subfield>
    <subfield code="1">0</subfield>
    <subfield code="2">lcc</subfield>
    <subfield code="4">0</subfield>
    <subfield code="7">0</subfield>
    <subfield code="a">KAT</subfield>
    <subfield code="b">MAIN</subfield>
    <subfield code="d">2025-07-10</subfield>
    <subfield code="i">5106214</subfield>
    <subfield code="l">0</subfield>
    <subfield code="o">BX1795.D53 O56</subfield>
    <subfield code="p">5106214</subfield>
    <subfield code="r">2025-07-10 11:54:43</subfield>
    <subfield code="w">2025-07-10</subfield>
    <subfield code="y">BK</subfield>
  </datafield>
  <datafield tag="952" ind1=" " ind2=" ">
    <subfield code="0">0</subfield>
    <subfield code="1">0</subfield>
    <subfield code="2">lcc</subfield>
    <subfield code="4">0</subfield>
    <subfield code="7">0</subfield>
    <subfield code="a">UYO</subfield>
    <subfield code="b">MAIN</subfield>
    <subfield code="d">2025-07-10</subfield>
    <subfield code="i">5106215</subfield>
    <subfield code="l">0</subfield>
    <subfield code="o">BX1795.D53 O56</subfield>
    <subfield code="p">5106215</subfield>
    <subfield code="r">2025-07-10 11:55:31</subfield>
    <subfield code="w">2025-07-10</subfield>
    <subfield code="y">BK</subfield>
  </datafield>
  <datafield tag="952" ind1=" " ind2=" ">
    <subfield code="0">0</subfield>
    <subfield code="1">0</subfield>
    <subfield code="2">lcc</subfield>
    <subfield code="4">0</subfield>
    <subfield code="7">0</subfield>
    <subfield code="a">KEB</subfield>
    <subfield code="b">MAIN</subfield>
    <subfield code="d">2025-07-10</subfield>
    <subfield code="i">5106216</subfield>
    <subfield code="l">0</subfield>
    <subfield code="o">BX1795.D53 O56</subfield>
    <subfield code="p">5106216</subfield>
    <subfield code="r">2025-07-10 11:56:10</subfield>
    <subfield code="w">2025-07-10</subfield>
    <subfield code="y">BK</subfield>
  </datafield>
  <datafield tag="952" ind1=" " ind2=" ">
    <subfield code="0">0</subfield>
    <subfield code="1">0</subfield>
    <subfield code="2">lcc</subfield>
    <subfield code="4">0</subfield>
    <subfield code="7">0</subfield>
    <subfield code="a">LAF</subfield>
    <subfield code="b">MAIN</subfield>
    <subfield code="d">2025-07-10</subfield>
    <subfield code="i">5106217</subfield>
    <subfield code="l">0</subfield>
    <subfield code="o">BX1795.D53 O56</subfield>
    <subfield code="p">5106217</subfield>
    <subfield code="r">2025-07-10 11:56:56</subfield>
    <subfield code="w">2025-07-10</subfield>
    <subfield code="y">BK</subfield>
  </datafield>
  <datafield tag="952" ind1=" " ind2=" ">
    <subfield code="0">0</subfield>
    <subfield code="1">0</subfield>
    <subfield code="2">lcc</subfield>
    <subfield code="4">0</subfield>
    <subfield code="7">0</subfield>
    <subfield code="a">LAG</subfield>
    <subfield code="b">MAIN</subfield>
    <subfield code="d">2025-07-10</subfield>
    <subfield code="i">5106218</subfield>
    <subfield code="l">0</subfield>
    <subfield code="o">BX1795.D53 O56</subfield>
    <subfield code="p">5106218</subfield>
    <subfield code="r">2025-07-10 11:57:42</subfield>
    <subfield code="w">2025-07-10</subfield>
    <subfield code="y">BK</subfield>
  </datafield>
  <datafield tag="952" ind1=" " ind2=" ">
    <subfield code="0">0</subfield>
    <subfield code="1">0</subfield>
    <subfield code="2">lcc</subfield>
    <subfield code="4">0</subfield>
    <subfield code="7">0</subfield>
    <subfield code="a">LOK</subfield>
    <subfield code="b">MAIN</subfield>
    <subfield code="d">2025-07-10</subfield>
    <subfield code="i">5106219</subfield>
    <subfield code="l">0</subfield>
    <subfield code="o">BX1795.D53 O56</subfield>
    <subfield code="p">5106219</subfield>
    <subfield code="r">2025-07-10 11:58:26</subfield>
    <subfield code="w">2025-07-10</subfield>
    <subfield code="y">BK</subfield>
  </datafield>
  <datafield tag="952" ind1=" " ind2=" ">
    <subfield code="0">0</subfield>
    <subfield code="1">0</subfield>
    <subfield code="2">lcc</subfield>
    <subfield code="4">0</subfield>
    <subfield code="7">0</subfield>
    <subfield code="a">MAI</subfield>
    <subfield code="b">MAIN</subfield>
    <subfield code="d">2025-07-10</subfield>
    <subfield code="i">5106220</subfield>
    <subfield code="l">0</subfield>
    <subfield code="o">BX1795.D53 O56</subfield>
    <subfield code="p">5106220</subfield>
    <subfield code="r">2025-07-10 11:59:14</subfield>
    <subfield code="w">2025-07-10</subfield>
    <subfield code="y">BK</subfield>
  </datafield>
  <datafield tag="952" ind1=" " ind2=" ">
    <subfield code="0">0</subfield>
    <subfield code="1">0</subfield>
    <subfield code="2">lcc</subfield>
    <subfield code="4">0</subfield>
    <subfield code="7">0</subfield>
    <subfield code="a">BEN</subfield>
    <subfield code="b">MAIN</subfield>
    <subfield code="d">2025-07-10</subfield>
    <subfield code="i">5106221</subfield>
    <subfield code="l">0</subfield>
    <subfield code="o">BX1795.D53 O56</subfield>
    <subfield code="p">5106221</subfield>
    <subfield code="r">2025-07-10 11:59:49</subfield>
    <subfield code="w">2025-07-10</subfield>
    <subfield code="y">BK</subfield>
  </datafield>
  <datafield tag="952" ind1=" " ind2=" ">
    <subfield code="0">0</subfield>
    <subfield code="1">0</subfield>
    <subfield code="2">lcc</subfield>
    <subfield code="4">0</subfield>
    <subfield code="7">0</subfield>
    <subfield code="a">MIN</subfield>
    <subfield code="b">MAIN</subfield>
    <subfield code="d">2025-07-10</subfield>
    <subfield code="i">5106222</subfield>
    <subfield code="l">0</subfield>
    <subfield code="o">BX1795.D53 O56</subfield>
    <subfield code="p">5106222</subfield>
    <subfield code="r">2025-07-10 12:02:08</subfield>
    <subfield code="w">2025-07-10</subfield>
    <subfield code="y">BK</subfield>
  </datafield>
  <datafield tag="952" ind1=" " ind2=" ">
    <subfield code="0">0</subfield>
    <subfield code="1">0</subfield>
    <subfield code="2">lcc</subfield>
    <subfield code="4">0</subfield>
    <subfield code="7">0</subfield>
    <subfield code="a">OSO</subfield>
    <subfield code="b">MAIN</subfield>
    <subfield code="d">2025-07-10</subfield>
    <subfield code="i">5106223</subfield>
    <subfield code="l">0</subfield>
    <subfield code="o">BX1795.D53 O56</subfield>
    <subfield code="p">5106223</subfield>
    <subfield code="r">2025-07-10 12:02:51</subfield>
    <subfield code="w">2025-07-10</subfield>
    <subfield code="y">BK</subfield>
  </datafield>
  <datafield tag="952" ind1=" " ind2=" ">
    <subfield code="0">0</subfield>
    <subfield code="1">0</subfield>
    <subfield code="2">lcc</subfield>
    <subfield code="4">0</subfield>
    <subfield code="7">0</subfield>
    <subfield code="a">OWE</subfield>
    <subfield code="b">MAIN</subfield>
    <subfield code="d">2025-07-10</subfield>
    <subfield code="i">5106224</subfield>
    <subfield code="l">0</subfield>
    <subfield code="o">BX1795.D53 O56</subfield>
    <subfield code="p">5106224</subfield>
    <subfield code="r">2025-07-10 12:03:37</subfield>
    <subfield code="w">2025-07-10</subfield>
    <subfield code="y">BK</subfield>
  </datafield>
  <datafield tag="952" ind1=" " ind2=" ">
    <subfield code="0">0</subfield>
    <subfield code="1">0</subfield>
    <subfield code="2">lcc</subfield>
    <subfield code="4">0</subfield>
    <subfield code="7">0</subfield>
    <subfield code="a">PH</subfield>
    <subfield code="b">MAIN</subfield>
    <subfield code="d">2025-07-10</subfield>
    <subfield code="i">5106225</subfield>
    <subfield code="l">0</subfield>
    <subfield code="o">BX1795.D53 O56</subfield>
    <subfield code="p">5106225</subfield>
    <subfield code="r">2025-07-10 12:04:47</subfield>
    <subfield code="w">2025-07-10</subfield>
    <subfield code="y">BK</subfield>
  </datafield>
  <datafield tag="952" ind1=" " ind2=" ">
    <subfield code="0">0</subfield>
    <subfield code="1">0</subfield>
    <subfield code="2">lcc</subfield>
    <subfield code="4">0</subfield>
    <subfield code="7">0</subfield>
    <subfield code="a">SOK</subfield>
    <subfield code="b">MAIN</subfield>
    <subfield code="d">2025-07-10</subfield>
    <subfield code="i">5106226</subfield>
    <subfield code="l">0</subfield>
    <subfield code="o">BX1795.D53 O56</subfield>
    <subfield code="p">5106226</subfield>
    <subfield code="r">2025-07-10 12:05:30</subfield>
    <subfield code="w">2025-07-10</subfield>
    <subfield code="y">BK</subfield>
  </datafield>
  <datafield tag="952" ind1=" " ind2=" ">
    <subfield code="0">0</subfield>
    <subfield code="1">0</subfield>
    <subfield code="2">lcc</subfield>
    <subfield code="4">0</subfield>
    <subfield code="7">0</subfield>
    <subfield code="a">YEN</subfield>
    <subfield code="b">MAIN</subfield>
    <subfield code="d">2025-07-10</subfield>
    <subfield code="i">5106206</subfield>
    <subfield code="l">0</subfield>
    <subfield code="o">BX1795.D53 O56</subfield>
    <subfield code="p">5106206</subfield>
    <subfield code="r">2025-07-10 12:06:24</subfield>
    <subfield code="w">2025-07-10</subfield>
    <subfield code="y">BK</subfield>
  </datafield>
</record>
